LEADER 01132cam0-22003611i-450- 001 990007488220403321 005 20050118100750.0 035 $a000748822 035 $aFED01000748822 035 $a(Aleph)000748822FED01 035 $a000748822 100 $a20030814d1959----km-y0itay50------ba 101 0 $aeng 102 $aUS 105 $ab-------001yy 200 1 $a<>history of Ancient Geography$eamong the greeks and romans from the earliest ages till the fall of the Roman Empire$fby E. H. Bunbury$gwith a new intr. by W. H. Stahl 205 $a2. ed. 210 $aNew York$cDover publ.$dc1959 215 $a2 v.$cill.$d21 cm 610 0 $aGeografia storica$aAntichità 676 $a911.38 700 1$aBunbury,$bE.H.$0417320 702 1$aStahl,$bWilliam Harris 801 0$aIT$bUNINA$gRICA$2UNIMARC 901 $aBK 912 $a990007488220403321 952 $aA-07-006$bIst.7035$fILFGE 952 $aA-07-005$bIst.7035$fILFGE 952 $a911.38 BUN 1 (1-2) (2.ed.)$b10004 Ist. Arch.$fFLFBC 959 $aILFGE 959 $aFLFBC 996 $aHistory of Ancient Geography$9675546 997 $aUNINA LEADER 01242nam0 22003131i 450 001 SUN0015086 005 20051223120000.0 010 $a88-348-4178-6 020 $aIT$b95 5824 100 $a20040115d1994 |0itac50 ba 101 $aita 102 $aIT 105 $a|||| ||||| 200 1 $aAdempimenti tributari e responsabilità del curatore fallimentare$fFausta Brighenti 205 $a2. ed. ampliata e aggiornata 210 $aTorino$cGiappichelli$d1994 215 $aXVII, 291 p.$d24 cm. 606 $aProcedure concorsuali$xTributi$2FI$3SUNC001121 606 $aCuratore fallimentare$xResponsabilità$2FI$3SUNC007838 620 $dTorino$3SUNL000001 676 $a343.4505236$v21 700 1$aBrighenti$b, Fausta$3SUNV010966$0246057 712 $aGiappichelli$3SUNV000045$4650 801 $aIT$bSOL$c20181109$gRICA 912 $aSUN0015086 950 $aUFFICIO DI BIBLIOTECA DEL DIPARTIMENTO DI GIURISPRUDENZA$d00 CONS XIX.Ed.24 $e00 5721 995 $aUFFICIO DI BIBLIOTECA DEL DIPARTIMENTO DI GIURISPRUDENZA$h5721$kCONS XIX.Ed.24$op$qa 996 $aAdempimenti tributari e responsabilità del curatore fallimentare$9619047 997 $aUNICAMPANIA LEADER 01264cam2-2200397---450- 001 990003583210203316 005 20121112095651.0 035 $a000358321 035 $aUSA01000358321 035 $a(ALEPH)000358321USA01 035 $a000358321 100 $a20111027d1927----km-y0itay50------ba 101 1 $aita$cgrc 102 $aIT 105 $aa|||||||001yy 200 1 $a<<2:>> Agamennone$a<> Coefore$a<> Eumenidi$fEschilo$gcon incisioni di A. De Carolis 210 $aBologna$cZanichelli$d1927 215 $a275 p.$cill.$d21 cm 225 2 $a<> poeti greci tradotti da Ettore Romagnoli 410 0$12001$a<> poeti greci tradotti da Ettore Romagnoli 461 0$1001000358313$12001$a<> tragedie 700 0$aAESCHYLUS$0153340 702 1$aDE CAROLIS,$bAdolfo 801 0$aIT$bsalbc$gISBD 912 $a990003583210203316 951 $aXV.2.A. 750 1.2$b1394 F.C.$cXV.2.A. 959 $aBK 969 $aCUOMO 979 $aCACCAVO$b90$c20111027$lUSA01$h1404 979 $aANNAMARIA$b90$c20111028$lUSA01$h1221 979 $aANNAMARIA$b90$c20121025$lUSA01$h1302 979 $aANNAMARIA$b90$c20121112$lUSA01$h0956 996 $aEumenidi$9480672 996 $aAgamemnon$917030 996 $aCoefore$9864559 997 $aUNISA